Start-up Ecosystem Support in the Czech Republic

Startupová scéna v Českej republike. Možné smery rozvoja tejto novej podnikateľskej formy.

Guardado en:
Detalles Bibliográficos
Autor principal: Pavlák, Miroslav
Otros Autores: Petrů, Naděžda
Formato: Capítulo de libro
Lenguaje:inglés
Materias:
Etiquetas: Agregar Etiqueta
Sin Etiquetas, Sea el primero en etiquetar este registro!

MARC

LEADER 00000naa a2200000 4500
001 0248733
005 20220715113257.8
041 0 |a eng 
044 |a CZ 
245 1 0 |a Start-up Ecosystem Support in the Czech Republic  |c Miroslav Pavlák, Naděžda Petrů 
520 |a Startupová scéna v Českej republike. Možné smery rozvoja tejto novej podnikateľskej formy. 
610 2 0 |a Česko 
610 2 0 |a start-up 
610 2 0 |a ochrana prostredia životného 
610 2 0 |a politika environmentálna 
610 2 0 |a podnikanie 
100 1 |a Pavlák, Miroslav 
700 1 |a Petrů, Naděžda